LEADER 01291nam a2200277 i 4500 001 000000146650 003 CaOOAMICUS 005 20241128124721.0 008 060112s1964 it u000 u fre u 013 $a123463 040 $aSeMil$bita 100 1 $aNewman, John Henry,$c.$0(OLS)http://semarc/name/1226 245 10$aEssai sur le développement de la doctrine chrétienne /$cJ. H. cardinal Newman ; traduit de l'anglais par Luce Gerard ; introduction de J.-H. Walgrave o.p. 260 $aParis :$bCenturion,$c1964. 300 $a435 p. ;$c23 cm. 490 0 $aL'Église en son temps : Études 650 4$aChiesa cattolica - Dottrine - Sviluppo.$0(OLS)http://semarc/subject/28699 700 1 $aGerard, Luce.$0(OLS)http://semarc/name/58307 700 1 $aWalgrave, Jan Hendrijk,$c.$0(OLS)http://semarc/name/32073 830 2$aL'Église en son temps. Études.$0(OLS)http://semarc/title/20105 850 $aSeMil 852 $aSeMil$W1$xVenegono$y1$m660 451 1 *$j99285$B99285$CSeMilBibl$Z2$F107734 $81 961 $aRecupero: Biblioteca Seminario Saronno 996 $6245$aEssai sur le développement de la doctrine chrétienne$9(OLS)http://semarc/title/214440 996 $6260$aParis :$bCenturion$9(OLS)http://semarc/publisher/32415 LEADER 01318nam a2200265 i 4500 001 000000047841 003 CaOOAMICUS 005 20100309000000.0 008 100309s1984 it u000 u ita u 013 $a19011 040 $aSeMil$bita 245 10$aImmagini e presenze di san Carlo nella terra di Arona /$ccatalogo della mostra a cura di Adele Buratti Mazzotta, Gilberto Oneto, Antonio Torelli. 260 $a[S.l. :$bs.n.],$c1984$e(Novara :$fTipografia San Gaudenzio,$g1984) 300 $a150 p. :$bill. ;$c21 cm. 500 $aCatalogo della mostra tenutasi ad Arona, piazza san Graziano, Salone delle mostre, nei mesi di ottobre-novembre 1984. 600 04$aBorromeo, Carlo .$0(OLS)http://semarc/subject/690 650 4$aArona.$0(OLS)http://semarc/subject/5707 700 1 $aBuratti Mazzotta, Adele.$0(OLS)http://semarc/name/18855 700 1 $aTorelli, Antonio.$0(OLS)http://semarc/name/23761 700 1 $aOneto, Gilberto.$0(OLS)http://semarc/name/23760 850 $aSeMil 852 $aSeMil$W1$xVenegono$y1$m3G I 139$j13996$B13996$CSeMilBibl$Z2$F13996 $81 961 $aOmaggio: Rimoldi mons. Antonio 996 $6245$aImmagini e presenze di san Carlo nella terra di Arona$9(OLS)http://semarc/title/72228 996 $6260$a[S.l. :$bs.n.]$9(OLS)http://semarc/publisher/29751